000 00477nam a22001817a 4500
003 CEME
005 20210628203113.0
008 210201b xxu||||| |||| 00| 0 eng d
020 _a9788120334106
040 _c.
082 _a610.28 DOM
100 _aDomach, Michael M
_934532
245 _aIntroduction to biomedical engineering
260 _aNEW DELHI
_bPRENTICE HALL OF INDIA
_c2004
300 _aXI, 244P
650 _aBIOMEDICAL ENGINEERING.
_9798
942 _cBK
_2ddc
999 _c572187
_d572187